|
|
|
|
| LEADER |
00000nab a2200000 a 4500 |
| 001 |
vtls008874803 |
| 003 |
SK-MaSNL |
| 005 |
20260304040910.0 |
| 008 |
141122c xo 0 slo |
| 015 |
|
|
|a SNBCL2005/5
|
| 035 |
|
|
|a SLK035231
|
| 040 |
|
|
|a SLKCL
|b slo
|c SNKBUCL
|e AACR2
|
| 041 |
1 |
|
|a slo
|
| 044 |
|
|
|a xo
|c SK
|
| 080 |
|
|
|a 616.981.214.25:061.3
|2 1981
|
| 100 |
1 |
|
|a Takáčová, Viktória
|4 aut
|9 1132154
|
| 245 |
1 |
0 |
|a Výskyt MRSA v ambulancii praktického lekára
|c V. Takáčová, M. Molokáčová, D. Medera
|
| 650 |
0 |
7 |
|a Staphylococcus
|x klasifikácia
|2 MESH
|9 1055260
|
| 650 |
0 |
7 |
|a meticilínová rezistencia
|2 MESH
|9 72897
|
| 650 |
0 |
7 |
|a parita
|x imunológia
|2 MESH
|9 1322331
|
| 650 |
0 |
7 |
|a hospitalizácia
|2 MESH
|9 18621
|
| 650 |
0 |
7 |
|a kazuistika
|2 MESH
|9 19523
|
| 650 |
0 |
7 |
|a abstrakty z kongresu
|2 MESH
|9 168204
|
| 650 |
0 |
7 |
|a mastitída (medicína)
|2 MESH
|9 209032
|
| 700 |
1 |
|
|a Molokáčová, Mária
|4 aut
|9 810232
|
| 700 |
1 |
|
|a Medera, D.
|4 aut
|9 1322332
|
| 711 |
1 |
|
|a Moravské-slovenské mikrobiologické dni
|n (13. :
|d 2005 :
|c Olomouc, Česko)
|4 aut
|9 1055245
|
| 773 |
0 |
|
|t Správy klinickej mikrobiológie
|g Roč. 5, č. SB/2005, s. 86
|x 1335-8219
|
| 850 |
|
|
|a Slovenská lekárska knižnica v Bratislave
|a BA006
|
| 852 |
|
|
|a BA006
|b KIS3GCP
|b 000500000
|
| 999 |
|
|
|c 2665548
|d 2667478
|